000 00784nam a2200241Ia 4500
003 OSt
005 20220926004537.0
006 a|||||r|||| 00| 0
007 ta
008 220923b |||||||| |||| 00| 0 eng d
020 _a9788189131913
_c1100.75
037 _b1051, 12/03/2014, RESEARCH INDIA PRESS
_cGeneral Book
040 _aRTL
_cRTL
_beng
041 _2eng
_aeng
082 _aX:8:(G:55).2.P, Q3
100 _aANAND Subhash
_976136
245 0 _aProgress in environmental management
_b Indian experiences
260 _a New Delhi
_bResearch India Press
_c2013
300 _axvii,384p.
_ccm.
650 _aGeography
942 _hX:8:(G:55).2.P, Q3
_cGB
_2CC
999 _c611567
_d611567